[Event "Mittelfrank Regionalliga Sud-Ost 2122"]
[Site "Mittelfranken"]
[Date "2022.06.26"]
[Round "3.3"]
[White "Stoettner, Lukas"]
[Black "Schmid, Franz"]
[Result "1-0"]
[WhiteElo "2001"]
[BlackElo "2066"]
[PlyCount "45"]
[EventDate "2021.10.24"]
[EventType "team-tourn"]
[EventRounds "9"]
[EventCountry "GER"]
[SourceTitle "EXT 2024"]
[Source "ChessBase"]
[SourceDate "2023.10.10"]
[SourceVersion "1"]
[SourceVersionDate "2023.10.10"]
[SourceQuality "1"]
[WhiteTeam "Landau Dingolfing"]
[BlackTeam "Passau II"]
[WhiteTeamCountry "GER"]
[BlackTeamCountry "GER"]

1. e4 e5 2. Nf3 Nf6 3. d4 Nxe4 4. Bd3 d5 5. Nxe5 Bd6 6. 0-0 0-0 7. Nc3 Nxc3 8. bxc3 Nd7 9. Re1 Nxe5 10. dxe5 Bc5 11. Qh5 g6 12. Qh6 f5 13. Rb1 Re8 14. Bg5 Qd7 15. Bf6 Bf8 16. Qg5 Qf7 17. h4 h5 18. g4 hxg4 19. h5 Kh7 20. Kg2 Bh6 21. hxg6+ Qxg6 22. Rh1 Rg8 23. Qf4 1-0

[Event "Landesliga Sued 1415"]
[Site "Bayern"]
[Date "2015.03.15"]
[Round "8.8"]
[White "Schmid, Franz"]
[Black "Leeb, Simon"]
[Result "1-0"]
[WhiteElo "2160"]
[BlackElo "2093"]
[PlyCount "170"]
[EventDate "2014.10.19"]
[EventType "team-tourn"]
[EventRounds "9"]
[EventCountry "GER"]
[SourceTitle "EXT 2018"]
[Source "ChessBase"]
[SourceDate "2017.10.13"]
[SourceVersion "1"]
[SourceVersionDate "2017.10.13"]
[SourceQuality "1"]
[WhiteTeam "Roehrnbach"]
[BlackTeam "Muenchen Suedost"]
[WhiteTeamCountry "GER"]
[BlackTeamCountry "GER"]

1. e4 c5 2. Nf3 Nc6 3. Nc3 g6 4. Bb5 Nd4 5. Nxd4 cxd4 6. Ne2 Bg7 7. 0-0 a6 8. Bd3 e6 9. b3 Ne7 10. f4 d6 11. Qe1 f6 12. Nxd4 Qb6 13. Qf2 f5 14. c3 fxe4 15. Bxe4 Bxd4 16. Qxd4 Qxd4+ 17. cxd4 d5 18. Bd3 Bd7 19. Ba3 Bb5 20. Rfe1 Kd7 21. Bxb5+ axb5 22. Bxe7 Kxe7 23. a4 Ra5 24. Rac1 Kd7 25. Rc5 Rc8 26. Rec1 Rc6 27. R1c3 b4 28. Rxc6 bxc6 29. Rh3 h5 30. Rg3 c5 31. dxc5 Rxc5 32. Kf2 Rc2 33. Ke2 Rb2 34. Kd1 h4 35. Rh3 Rb1+ 36. Kc2 Rg1 37. g3 hxg3 38. Rxg3 Rf1 39. Rxg6 Rxf4 40. Rh6 e5 41. h4 e4 42. Rb6 Rxh4 43. Rxb4 Kc6 44. a5 Rh2 45. a6 Rh8 46. a7 Ra8 47. Ra4 d4 48. Rxd4 Rxa7 49. Rxe4 Kb5 50. Kc3 Rc7+ 51. Rc4 Ra7 52. Rb4+ Kc5 53. d4+ Kd5 54. Rb5+ Kc6 55. Rc5+ Kd6 56. Rg5 Rc7+ 57. Kb4 Rb7+ 58. Kc4 Rc7+ 59. Rc5 Rh7 60. Rd5+ Kc6 61. Rg5 Rh6 62. b4 Kb6 63. b5 Rf6 64. Rg3 Rh6 65. Ra3 Rh1 66. Ra6+ Kb7 67. Re6 Rc1+ 68. Kd5 Rb1 69. Kc5 Rc1+ 70. Kd6 Kb6 71. Re8 Rd1 72. Kd5 Kxb5 73. Rb8+ Ka6 74. Rb2 Ka7 75. Kc5 Rc1+ 76. Kd6 Rh1 77. d5 Rh6+ 78. Kc7 Rh7+ 79. Kc6 Rh1 80. d6 Rc1+ 81. Kd7 Re1 82. Kc7 Rc1+ 83. Kd8 Re1 84. d7 Ka8 85. Rb5 Ra1 1-0

[Event "Erfurt op 24th"]
[Site "Erfurt"]
[Date "2014.12.26"]
[Round "1"]
[White "Berelowitsch, Alexander"]
[Black "Schmid, Franz"]
[Result "1-0"]
[WhiteElo "2543"]
[BlackElo "2136"]
[PlyCount "99"]
[EventDate "2014.12.26"]
[EventType "swiss"]
[EventRounds "8"]
[EventCountry "GER"]
[SourceTitle "CBM 164 Extra"]
[Source "ChessBase"]
[SourceDate "2015.03.02"]
[SourceVersion "1"]
[SourceVersionDate "2015.03.02"]
[SourceQuality "1"]

1. e4 e5 2. Nf3 Nf6 3. Nxe5 d6 4. Nf3 Nxe4 5. d4 d5 6. Bd3 Nc6 7. 0-0 Be7 8. Nc3 f5 9. Bf4 a6 10. Ne5 Nxe5 11. Bxe5 0-0 12. f3 Ng5 13. Qe1 Ne6 14. f4 c6 15. Kh1 Bf6 16. Ne2 Bxe5 17. fxe5 Ng5 18. Nf4 Qb6 19. Qg3 Ne4 20. Bxe4 dxe4 21. Nh5 Qc7 22. Nf6+ Rxf6 23. exf6 Qxg3 24. hxg3 g6 25. g4 fxg4 26. f7+ Kf8 27. Rf6 Bf5 28. Kh2 Ke7 29. f8Q+ Rxf8 30. Rxf8 Kxf8 31. Kg3 Ke7 32. Rh1 h5 33. Kf4 b5 34. Ke5 Kd7 35. g3 Kc7 36. c3 Kd7 37. b3 Kc7 38. c4 bxc4 39. bxc4 e3 40. d5 c5 41. Re1 Bd3 42. Rxe3 Bxc4 43. a4 Ba2 44. Ke6 g5 45. Ra3 Bc4 46. Rc3 Ba2 47. Rxc5+ Kd8 48. Kd6 Bb3 49. Rc6 h4 50. Rb6 1-0

[Event "Landesliga Sued 1415"]
[Site "Bayern"]
[Date "2014.10.19"]
[Round "1.8"]
[White "Schmid, Franz"]
[Black "Schulz, Michael2"]
[Result "0-1"]
[WhiteElo "2160"]
[BlackElo "2053"]
[PlyCount "130"]
[EventDate "2014.10.19"]
[EventType "team-tourn"]
[EventRounds "9"]
[EventCountry "GER"]
[SourceTitle "EXT 2018"]
[Source "ChessBase"]
[SourceDate "2017.10.13"]
[SourceVersion "1"]
[SourceVersionDate "2017.10.13"]
[SourceQuality "1"]
[WhiteTeam "Roehrnbach"]
[BlackTeam "Muenchen 36"]
[WhiteTeamCountry "GER"]
[BlackTeamCountry "GER"]

1. e4 c5 2. Nf3 g6 3. c4 Nc6 4. Nc3 Bg7 5. Be2 d6 6. 0-0 e6 7. a3 Nge7 8. Rb1 b6 9. d3 0-0 10. Bf4 Bb7 11. Qd2 Re8 12. Bd1 d5 13. Ba4 dxc4 14. dxc4 Qxd2 15. Bxd2 Red8 16. Bg5 Kf8 17. Ne2 Na5 18. Nd2 Rac8 19. Rfd1 Nac6 20. f3 Rd6 21. Bf4 Ne5 22. Bc2 Rcd8 23. b3 N7c6 24. Nf1 Nd4 25. Nxd4 Rxd4 26. Rxd4 cxd4 27. Rd1 a5 28. Ng3 Ke7 29. Kf1 Ba6 30. a4 Bf6 31. Ke2 h5 32. Nh1 Nc6 33. Bc7 d3+ 34. Bxd3 Nd4+ 35. Ke3 Rc8 36. Bxb6 Nxb3 37. Nf2 Bxc4 38. Rb1 Bxd3 39. Nxd3 Rc3 40. f4 Ke8 41. e5 Be7 42. Ke2 Rc2+ 43. Ke3 Nd2 44. Ne1 Ra2 45. Rc1 Bb4 46. Nd3 Nb3 47. Nxb4 axb4 48. Rb1 Na1 49. a5 b3 50. Kf3 Kd7 51. Bd4 Nc2 52. Bc3 Ra3 53. Ke2 Kc6 54. Kd3 Kb5 55. Bd2 Nb4+ 56. Kc3 Nd5+ 57. Kd3 Ka4 58. g3 Ra2 59. a6 Nb4+ 60. Ke3 Nxa6 61. h3 b2 62. Bc3 Kb3 63. Kd2 Nc5 64. Bd4 Ne4+ 65. Kd3 Nxg3 0-1

[Event "Landesliga Sued 1314"]
[Site "Bayern"]
[Date "2014.02.23"]
[Round "7.6"]
[White "Schmid, Franz"]
[Black "Mueller, Werner7"]
[Result "0-1"]
[WhiteElo "2160"]
[BlackElo "2172"]
[PlyCount "78"]
[EventDate "2013.10.13"]
[EventType "team-tourn"]
[EventRounds "9"]
[EventCountry "GER"]
[SourceTitle "EXT 2015"]
[Source "ChessBase"]
[SourceDate "2014.11.20"]
[SourceVersion "1"]
[SourceVersionDate "2014.11.20"]
[SourceQuality "1"]
[WhiteTeam "Roehrnbach"]
[BlackTeam "Goeggingen"]
[WhiteTeamCountry "GER"]
[BlackTeamCountry "GER"]

1. e4 d6 2. d4 Nf6 3. Nc3 g6 4. Be3 Bg7 5. f3 c6 6. Qd2 Qa5 7. Nge2 Nbd7 8. Ng3 h5 9. h4 b5 10. Be2 b4 11. Nd1 c5 12. 0-0 0-0 13. Nf2 Qc7 14. f4 cxd4 15. Bxd4 e5 16. Be3 exf4 17. Bxf4 Ne5 18. Rad1 Ne8 19. Bb5 Bg4 20. Rc1 Rb8 21. Bd3 Be6 22. Be2 Nc4 23. Bxc4 Bxc4 24. Nd3 a5 25. Rfd1 Rc8 26. Bh6 Qe7 27. Bxg7 Nxg7 28. Nf4 Qxh4 29. Qf2 Rc6 30. b3 Be6 31. Rd3 Rfc8 32. Qd2 Qg4 33. Nge2 h4 34. c4 g5 35. Nd5 Nh5 36. Ne7+ Kh7 37. Nxc8 Rxc8 38. Rf1 Qxe4 39. Rxd6 Rg8 0-1